| 000 | 00000nam##2200000za#4500 |
| 001 | 9.571022 |
| 003 | CaOODSP |
| 005 | 20210624182524 |
| 007 | cr ||||||||||| |
| 008 | 150406|2008||||xxc|||||o f|0| 0 eng|d |
| 040 | |aCaOODSP|beng |
| 043 | |an-cn--- |
| 086 | 1 |aYC13-0/392-13E-PDF |
| 110 | 1 |aCanada. |bParliament. |bSenate. |bStanding Committee on National Finance. |
| 245 | 10|aReport on the officers and agents of Parliament created or modified by the Federal Accountability Act : |h[electronic resource]|bthirteenth report / |cThe Honourable Joseph A. Day, chair ; the Honourable Terry Stratton, deputy chair. |
| 260 | |aOttawa - Ontario : |bSenate. |cMay 2008. |
| 300 | |a33p.|breferences, table |
| 490 | 1 |aReport of the Standing Senate Committee on National Finance|v[39th Parliament, 2nd Session], 13th report |
| 590 | |a11-12-Supp|b2011-07-29 |
| 775 | 08|tRapport sur les postes de haut fonctionnaire et d'agent du Parlement créés ou modifiés par la Loi fédérale sur la responsabilité : |w(CaOODSP)9.601665 |
| 830 | #0|aReport of the Standing Senate Committee on National Finance ;|v[39th Parliament, 2nd Session], 13th report|w(CaOODSP)9.506412 |
| 856 | 40|ahttp://publications.gc.ca|qPDF|s131 KB|uhttps://publications.gc.ca/collections/collection_2011/sen/yc13-0/YC13-0-392-13-eng.pdf|y[39th Parliament, 2nd Session], 13th report |